000
00329nam a2200133Ia 4500
008
221030s9999 xx 000 0 und d
041
_a
English
100
_a
K. Hwang
245
0
_a
Computer Archintecture & Parallel Processing
_c
by K. Hwang, F. A. Briggs
260
_c
0
650
_a
B
700
_a
F. A. Briggs
942
_c
BK
999
_c
17568
_d
17568